000 00335nam a22001457a 4500
999 _c12202
_d12202
020 _a978-0-19-871986-1
082 _a657
100 _aPeter Scott
245 _aAccounting for Business
250 _aSecond Edition
260 _aNew York
_bOxford University Press
_c2016
300 _a537
650 _aAccounting
942 _cBK